[Event "Hessen-chA"]
[Site "Frankfurt"]
[Date "2019.05.31"]
[Round "3"]
[White "Galkin, Wladislaw"]
[Black "Oezdemir, Ali Oezden"]
[Result "0-1"]
[WhiteElo "2156"]
[BlackElo "1997"]
[PlyCount "90"]
[EventDate "2019.05.30"]
[EventType "swiss"]
[EventRounds "7"]
[EventCountry "GER"]
[SourceTitle "EXT 2020"]
[Source "ChessBase"]
[SourceDate "2019.10.17"]
[SourceVersion "1"]
[SourceVersionDate "2019.10.17"]
[SourceQuality "1"]

1. c4 g6 2. g3 Bg7 3. Bg2 e5 4. Nc3 Nc6 5. d3 d6 6. e4 Nd4 7. Nce2 Ne7 8. Nxd4 exd4 9. b4 a5 10. b5 c5 11. f4 0-0 12. Nf3 f5 13. 0-0 fxe4 14. dxe4 Ra7 15. Qd3 b6 16. Bd2 Kh8 17. h3 Ng8 18. g4 Re8 19. f5 gxf5 20. exf5 d5 21. Ng5 Re3 22. Bxe3 dxe3 23. Ne6 Bxe6 24. fxe6 Bxa1 25. Rxa1 d4 26. Rf1 Rg7 27. Bd5 Qh4 28. Bg2 h5 29. gxh5 Qxh3 30. Qe4 d3 31. e7 Nxe7 32. Rf8+ Ng8 33. Rxg8+ Kxg8 34. Qe8+ Kh7 35. Qg6+ Rxg6 36. hxg6+ Kxg6 37. Bxh3 Kg5 38. Kf1 Kf4 39. Ke1 Ke5 40. Kd1 Kd4 41. Be6 Kc3 42. Bf7 a4 43. a3 Kb3 44. Be6 Kxa3 45. Bf5 Kb2 0-1

[Event "Hessen-chA"]
[Site "Frankfurt"]
[Date "2019.05.30"]
[Round "2"]
[White "Foerster Yialamas, Lucas"]
[Black "Galkin, Wladislaw"]
[Result "1/2-1/2"]
[WhiteElo "1981"]
[BlackElo "2156"]
[PlyCount "115"]
[EventDate "2019.05.30"]
[EventType "swiss"]
[EventRounds "7"]
[EventCountry "GER"]
[SourceTitle "EXT 2020"]
[Source "ChessBase"]
[SourceDate "2019.10.17"]
[SourceVersion "1"]
[SourceVersionDate "2019.10.17"]
[SourceQuality "1"]

1. e4 e5 2. Nf3 Nc6 3. Bb5 a6 4. Ba4 Nf6 5. 0-0 b5 6. Bb3 Be7 7. Re1 d6 8. c3 0-0 9. d3 Na5 10. Bc2 c5 11. Nbd2 Qc7 12. Nf1 Re8 13. Ne3 Bf8 14. Bd2 Bb7 15. Rc1 c4 16. dxc4 Nxc4 17. Nxc4 bxc4 18. Bg5 Nd7 19. Ba4 Bc6 20. Bxc6 Qxc6 21. b4 a5 22. a3 axb4 23. axb4 Ra3 24. Qd2 f6 25. Bh4 Nb6 26. Qe3 d5 27. exd5 Nxd5 28. Qd2 Rea8 29. Bg3 Ra2 30. Rc2 Rxc2 31. Qxc2 Ra3 32. Qf5 Rxc3 33. b5 Qd6 34. Nxe5 Ne7 35. Qd7 Qxd7 36. Nxd7 Rd3 37. Nxf8 Kxf8 38. b6 Rd7 39. Bc7 Nc6 40. f3 Na5 41. Ra1 Nb7 42. Ra7 c3 43. Rxb7 c2 44. Rb8+ Ke7 45. Bf4 g5 46. Be3 Rd3 47. Rc8 Rxe3 48. Rxc2 Rb3 49. Rc6 Rb2 50. Rc7+ Kd6 51. Rf7 Ke6 52. Rb7 h5 53. g3 h4 54. gxh4 gxh4 55. Rh7 Rxb6 56. Rxh4 Kf5 57. Ra4 Rb2 58. Rc4 1/2-1/2

[Event "Hofheim Spring op 7th"]
[Site "Hofheim"]
[Date "2019.04.23"]
[Round "1"]
[White "Turov, Maxim"]
[Black "Galkin, Wladislaw"]
[Result "1/2-1/2"]
[WhiteElo "2584"]
[BlackElo "2096"]
[PlyCount "96"]
[EventDate "2019.04.23"]
[EventType "swiss"]
[EventRounds "9"]
[EventCountry "GER"]
[SourceTitle "CBM 190 Extra"]
[Source "ChessBase"]
[SourceDate "2019.07.15"]
[SourceVersion "1"]
[SourceVersionDate "2019.07.15"]
[SourceQuality "1"]

1. d4 d5 2. c4 e6 3. Nc3 Nf6 4. cxd5 exd5 5. Bg5 c6 6. e3 Bf5 7. Qf3 Bg6 8. Bxf6 Qxf6 9. Qxf6 gxf6 10. Nf3 h5 11. Nh4 Be7 12. Kd2 Nd7 13. Bd3 Rg8 14. Ne2 Bxd3 15. Kxd3 f5 16. g3 Bxh4 17. gxh4 Nf6 18. Nf4 Ne4 19. Ke2 Ke7 20. Rag1 f6 21. Nxh5 Rxg1 22. Rxg1 Rh8 23. Nf4 Kf7 24. h5 Ng5 25. h4 Ne6 26. Nxe6 Kxe6 27. Rg7 b5 28. Kf3 a5 29. b3 Rxh5 30. Kg3 Rh8 31. a4 bxa4 32. bxa4 f4+ 33. Kxf4 Rxh4+ 34. Kg3 Re4 35. Rc7 Kd6 36. Ra7 f5 37. Rxa5 f4+ 38. exf4 Rxd4 39. Ra8 c5 40. a5 Ra4 41. a6 c4 42. Kf3 c3 43. Ke3 Rc4 44. Rd8+ Ke7 45. a7 c2 46. Re8+ Kf7 47. Rf8+ Kg7 48. Rg8+ Kxg8 1/2-1/2

[Event "GER-ch U18"]
[Site "Magdeburg"]
[Date "2014.06.12"]
[Round "7"]
[White "Kramer, Julian"]
[Black "Galkin, Wladislaw"]
[Result "0-1"]
[WhiteElo "2114"]
[BlackElo "2182"]
[PlyCount "82"]
[EventDate "2014.06.08"]
[EventType "swiss"]
[EventRounds "9"]
[EventCountry "GER"]
[SourceTitle "CBM 160 Extra"]
[Source "ChessBase"]
[SourceDate "2014.07.01"]
[SourceVersion "1"]
[SourceVersionDate "2014.07.01"]
[SourceQuality "1"]

1. e4 e5 2. Nf3 Nc6 3. Bb5 a6 4. Ba4 Nf6 5. d3 b5 6. Bb3 Be7 7. 0-0 d6 8. a4 Bd7 9. c3 0-0 10. h3 Na5 11. Bc2 c5 12. Nbd2 Qc7 13. Re1 Nc6 14. Nf1 d5 15. Ne3 Be6 16. Ng5 d4 17. Nxe6 fxe6 18. Ng4 c4 19. Nxf6+ Bxf6 20. Qe2 Na5 21. Bd2 Nb7 22. Rec1 Rad8 23. axb5 axb5 24. cxd4 exd4 25. dxc4 bxc4 26. Bb4 d3 27. Qg4 Bxb2 28. Qxe6+ Qf7 29. Qxf7+ Rxf7 30. Bd1 Bxa1 31. Rxa1 Re8 32. f3 Rc7 33. Ra3 Nc5 34. Rc3 Ne6 35. Kf2 Ra8 36. Ke3 Ra1 37. Kd2 Nd4 38. Bd6 Rc6 39. Be5 Nb5 40. Rc1 c3+ 41. Rxc3 Rxd1+ 0-1

[Event "GER-ch U18"]
[Site "Magdeburg"]
[Date "2014.06.10"]
[Round "4"]
[White "Powierski, Emil"]
[Black "Galkin, Wladislaw"]
[Result "1-0"]
[WhiteElo "2289"]
[BlackElo "2182"]
[PlyCount "81"]
[EventDate "2014.06.08"]
[EventType "swiss"]
[EventRounds "9"]
[EventCountry "GER"]
[SourceTitle "CBM 160 Extra"]
[Source "ChessBase"]
[SourceDate "2014.07.01"]
[SourceVersion "1"]
[SourceVersionDate "2014.07.01"]
[SourceQuality "1"]

1. e4 e5 2. Nf3 Nc6 3. Bb5 a6 4. Ba4 Nf6 5. 0-0 b5 6. Bb3 Be7 7. d3 d6 8. a3 0-0 9. Nc3 Na5 10. Ba2 c5 11. Nd5 Nxd5 12. Bxd5 Bb7 13. b4 Bxd5 14. exd5 Nb7 15. c3 f5 16. Bd2 Bf6 17. Ra2 Qd7 18. Qb3 e4 19. dxe4 fxe4 20. Ng5 Bxg5 21. Bxg5 c4 22. Qd1 Nd8 23. Qd4 Nf7 24. Bf4 Qf5 25. Bg3 Qf6 26. Qxf6 gxf6 27. a4 a5 28. axb5 axb4 29. Rxa8 Rxa8 30. cxb4 Ra4 31. f3 exf3 32. Rb1 c3 33. Be1 Ra2 34. b6 Rxg2+ 35. Kf1 c2 36. Rc1 Nd8 37. Bf2 Kf8 38. Rxc2 Rg7 39. Rc8 Ke8 40. Bd4 f2 41. Rxd8+ 1-0

[Event "GER-chT Lands U20"]
[Site "Hannover"]
[Date "2013.10.06"]
[Round "7.3"]
[White "Richter, Leonard"]
[Black "Galkin, Wladislaw"]
[Result "0-1"]
[WhiteElo "2118"]
[BlackElo "2128"]
[PlyCount "60"]
[EventDate "2013.10.02"]
[EventType "team-swiss"]
[EventRounds "7"]
[EventCountry "GER"]
[SourceTitle "EXT 2014"]
[Source "ChessBase"]
[SourceDate "2013.11.20"]
[SourceVersion "1"]
[SourceVersionDate "2013.11.20"]
[SourceQuality "1"]
[WhiteTeam "Sachsen"]
[BlackTeam "Hessen"]
[WhiteTeamCountry "GER"]
[BlackTeamCountry "GER"]

1. e4 e5 2. Nf3 Nc6 3. d4 exd4 4. Nxd4 Nf6 5. Nxc6 bxc6 6. e5 Qe7 7. Qe2 Nd5 8. c4 Nb6 9. Nc3 g6 10. Ne4 Bg7 11. Nf6+ Kd8 12. b3 d6 13. Bb2 Nd7 14. Nxd7 Bxd7 15. f4 Re8 16. 0-0-0 f6 17. exf6 Bxf6 18. Qxe7+ Kxe7 19. Be2 Bxb2+ 20. Kxb2 c5 21. Bf3 Rab8 22. Kc3 Kf6 23. Rhe1 a5 24. Re4 Rxe4 25. Bxe4 Bg4 26. Re1 Re8 27. Kd3 Bf5 28. Re3 h5 29. g3 c6 30. h3 Rxe4 0-1

[Event "GER-chT Lands U20"]
[Site "Hannover"]
[Date "2013.10.04"]
[Round "5.3"]
[White "Siegert, Gregor"]
[Black "Galkin, Wladislaw"]
[Result "0-1"]
[WhiteElo "1859"]
[BlackElo "2128"]
[PlyCount "72"]
[EventDate "2013.10.02"]
[EventType "team-swiss"]
[EventRounds "7"]
[EventCountry "GER"]
[SourceTitle "EXT 2014"]
[Source "ChessBase"]
[SourceDate "2013.11.20"]
[SourceVersion "1"]
[SourceVersionDate "2013.11.20"]
[SourceQuality "1"]
[WhiteTeam "Mecklenburg Vorpommern"]
[BlackTeam "Hessen"]
[WhiteTeamCountry "GER"]
[BlackTeamCountry "GER"]

1. Nf3 d5 2. g3 Nf6 3. Bg2 Bf5 4. d3 h6 5. 0-0 e6 6. Nbd2 Be7 7. c4 0-0 8. Qb3 b6 9. Ne5 c6 10. Ndf3 Qc7 11. cxd5 exd5 12. Bd2 Nbd7 13. Nxc6 Nc5 14. Nxe7+ Qxe7 15. Qd1 Rfe8 16. Re1 Rac8 17. Rc1 Qd7 18. b4 Ne6 19. Rxc8 Rxc8 20. Qb3 Qd6 21. Qb2 Bg4 22. a3 d4 23. Rc1 Re8 24. b5 Nc5 25. Bb4 Bxf3 26. Bxf3 Nfd7 27. Bc6 Rd8 28. Qc2 Qe6 29. Bxd7 Nxd7 30. Qc7 Re8 31. Rc2 Nf6 32. Qf4 Qd5 33. a4 Qb3 34. Rc4 Qxa4 35. Qf5 Rxe2 36. Rxd4 Qa1+ 0-1

[Event "GER-ch U25 op-A"]
[Site "Oberhof"]
[Date "2013.05.20"]
[Round "3"]
[White "Galkin, Wladislaw"]
[Black "Reif, Gerold"]
[Result "1-0"]
[WhiteElo "2066"]
[BlackElo "1623"]
[PlyCount "33"]
[EventDate "2013.05.19"]
[EventType "swiss"]
[EventRounds "9"]
[EventCountry "GER"]
[SourceTitle "CBM 154 Extra"]
[Source "ChessBase"]
[SourceDate "2013.06.25"]
[SourceVersion "2"]
[SourceVersionDate "2013.06.25"]
[SourceQuality "1"]

1. c4 Nf6 2. d4 e6 3. Nc3 c5 4. d5 d6 5. e4 Be7 6. f4 0-0 7. Nf3 Re8 8. e5 Ng4 9. Be2 Bh4+ 10. Nxh4 exd5 11. g3 h5 12. Nxd5 dxe5 13. 0-0 exf4 14. Bxf4 g5 15. Bc7 Qd7 16. Bxg4 hxg4 17. Nf6+ 1-0

[Event "GER-chT Lands U20"]
[Site "Hannover"]
[Date "2012.10.01"]
[Round "4.4"]
[White "Galkin, Wladislaw"]
[Black "Perske, Thore"]
[Result "0-1"]
[WhiteElo "2061"]
[BlackElo "2022"]
[PlyCount "116"]
[EventDate "2012.09.29"]
[EventType "team-swiss"]
[EventRounds "7"]
[EventCountry "GER"]
[SourceTitle "CBM 150 Extra"]
[Source "ChessBase"]
[SourceDate "2012.10.19"]
[SourceVersion "1"]
[SourceVersionDate "2012.10.19"]
[SourceQuality "1"]
[WhiteTeam "Hessen"]
[BlackTeam "Rheinland Pfalz"]
[WhiteTeamCountry "GER"]
[BlackTeamCountry "GER"]

1. c4 Nf6 2. g3 g6 3. Bg2 Bg7 4. Nc3 0-0 5. e4 e5 6. Nge2 d6 7. d3 Nc6 8. 0-0 Be6 9. Nd5 Ne7 10. Nxe7+ Qxe7 11. h3 c6 12. Be3 Qd7 13. Kh2 d5 14. Qc2 b5 15. b3 Rfd8 16. Rad1 d4 17. Bd2 Ne8 18. f4 f6 19. Ng1 Nd6 20. Nf3 Kh8 21. fxe5 fxe5 22. Ng5 Bg8 23. h4 h6 24. Bh3 Qe8 25. Nf3 Be6 26. Ng1 a5 27. Rf2 b4 28. Qc1 Kh7 29. c5 Nb5 30. Rdf1 Ra7 31. Nf3 Bxh3 32. Kxh3 Rdd7 33. Nh2 Rf7 34. Ng4 h5 35. Nf6+ Bxf6 36. Rxf6 Rxf6 37. Rxf6 Rf7 38. Qf1 Rxf6 39. Qxf6 Nc3 40. Bg5 Nxa2 41. Qd6 Kg8 42. Bf6 Kf7 43. Bxe5 Qe6+ 44. Kg2 Qxd6 45. cxd6 Ke6 46. Bxd4 Nc1 47. Kf2 Nxb3 48. Bg7 a4 49. Ke2 c5 50. Kd1 Kxd6 51. Kc2 Kc6 52. Be5 Na5 53. d4 cxd4 54. Bxd4 Kb5 55. e5 Nc6 56. Ba1 b3+ 57. Kb1 a3 58. Bc3 Kc4 0-1

[Event "Karl Mala Memorial op 15th"]
[Site "Frankfurt"]
[Date "2012.07.06"]
[Round "2"]
[White "Galkin, Wladislaw"]
[Black "Faldum, Manfred"]
[Result "1-0"]
[WhiteElo "2101"]
[BlackElo "1923"]
[PlyCount "79"]
[EventDate "2012.07.05"]
[EventType "swiss"]
[EventRounds "7"]
[EventCountry "GER"]
[SourceTitle "CBM 149 Extra"]
[Source "ChessBase"]
[SourceDate "2012.08.24"]
[SourceVersion "1"]
[SourceVersionDate "2012.08.24"]
[SourceQuality "1"]

1. c4 g6 2. g3 Bg7 3. Bg2 Nf6 4. Nc3 0-0 5. d3 d6 6. Nf3 e5 7. 0-0 h6 8. Rb1 Nc6 9. b4 a6 10. Ne1 Rb8 11. a4 Be6 12. h3 Nh5 13. Kh2 f5 14. Nd5 Ne7 15. Nxe7+ Qxe7 16. b5 a5 17. b6 c6 18. Bd2 Ra8 19. Nc2 f4 20. Na1 Qg5 21. Kg1 Ra6 22. Nb3 Rfa8 23. c5 d5 24. Qe1 Rf8 25. Nxa5 Rxa5 26. Bxa5 fxg3 27. Bd2 Qh4 28. fxg3 Rxf1+ 29. Bxf1 Nxg3 30. Kh2 Nxf1+ 31. Qxf1 g5 32. Rb4 e4 33. d4 g4 34. Be1 Qg5 35. a5 Bxd4 36. Rxd4 Qe5+ 37. Bg3 Qxd4 38. a6 Bc8 39. a7 Qa4 40. Qf6 1-0

[Event "Karl Mala Memorial op 15th"]
[Site "Frankfurt"]
[Date "2012.07.05"]
[Round "1"]
[White "Puzzo, Peter"]
[Black "Galkin, Wladislaw"]
[Result "0-1"]
[WhiteElo "1685"]
[BlackElo "2101"]
[PlyCount "42"]
[EventDate "2012.07.05"]
[EventType "swiss"]
[EventRounds "7"]
[EventCountry "GER"]
[SourceTitle "CBM 149 Extra"]
[Source "ChessBase"]
[SourceDate "2012.08.24"]
[SourceVersion "1"]
[SourceVersionDate "2012.08.24"]
[SourceQuality "1"]

1. d4 d5 2. c4 e6 3. Nf3 Nf6 4. Nc3 Be7 5. Bg5 Nbd7 6. e3 0-0 7. cxd5 exd5 8. Bd3 c6 9. 0-0 Re8 10. Qc2 Nf8 11. Bxf6 Bxf6 12. Rfe1 Bg4 13. Nd2 Qd6 14. Rab1 Re6 15. Ne2 Rae8 16. Nf4 R6e7 17. a3 Bc8 18. b4 Bxd4 19. Nf3 Bf6 20. a4 g6 21. Rec1 d4 0-1